[Event "ch-PHI"]
[Site "Makati PHI"]
[Date "2002.04.28"]
[Round "3"]
[White "Mariano,N"]
[Black "Roca,P"]
[Result "1/2-1/2"]
[WhiteElo "2393"]
[BlackElo "2394"]

1.e4 c5 2.Ne2 Nc6 3.Nbc3 Nf6 4.g3 d5 5.exd5 Nxd5 6.Bg2 Nxc3 7.bxc3 e5 8.O-O Bf5
9.Rb1 Qd7 10.d4 Rd8 11.Be3 Bg4 12.Qe1 Be6 13.Bg5 f6 14.Rd1 Bxa2 15.Be3 Bc4
16.d5 Na5 17.f4 e4 18.f5 Bd6 19.Qf2 O-O 20.Rfe1 Rfe8 21.Nf4 b6 22.Ne6 Rb8
23.Bf4 Bxf4 24.Qxf4 Bb5 25.Rxe4 Nb7 26.d6 Bc6 27.Re2 Bxg2 28.Kxg2 Nd8 29.Qc4 Nf7
30.Qd5 a5 31.Re4 Kh8 32.Rg4 Rg8 33.Re4 Rge8 34.Rg4 Rg8 35.Re4  1/2-1/2

[Event "TUR-BUL Chess Summit"]
[Site "Istanbul TUR"]
[Date "2002.04.30"]
[Round "11"]
[White "Velcheva,M"]
[Black "Atakisi,U"]
[Result "1/2-1/2"]
[WhiteElo "2327"]
[BlackElo "2358"]

1.e4 c5 2.Nf3 Nc6 3.Nc3 e5 4.Bc4 Be7 5.d3 d6 6.O-O Nf6 7.Ng5 O-O 8.f4 exf4
9.Bxf4 h6 10.Nf3 Be6 11.Qd2 d5 12.exd5 Nxd5 13.Rae1 Bf6 14.Bxd5 Bxd5 15.Ne4 Bxe4
16.Rxe4 Re8 17.Rfe1 Qd7 18.b3 Rxe4 19.Rxe4 Re8 20.Qe2 Rxe4 21.Qxe4 Nb4 22.Be3 Qe7
23.Bf2 Nxc2 24.Qc4 Nd4 25.b4 b6 26.bxc5 bxc5 27.h3 Qd6 28.Nd2 Ne2+ 29.Kf1 Ng3+
30.Kg1 Bd4 31.Nb3 Ne2+ 32.Kf1 Bxf2 33.Kxf2 Nf4 34.d4 Qg6 35.dxc5 Qxg2+ 36.Ke1 Qg1+
37.Kd2 Qf2+ 38.Kc3 Qe1+ 39.Kb2 Ne6 40.c6 Qe5+ 41.Ka3 g5 42.Ka4 h5 43.Nd2 Kg7
44.Nf3 Qd6 45.Nxg5 Qd1+ 46.Ka3 Qd6+ 47.Ka4 Qd1+ 48.Ka3 Qd6+ 49.Ka4  1/2-1/2

[Event "3rd Open"]
[Site "Backa Palanka YUG"]
[Date "2002.05.02"]
[Round "1"]
[White "Todorovic,GM"]
[Black "Kovacic,Vl"]
[Result "1-0"]
[WhiteElo "2487"]
[BlackElo "2198"]

1.e4 c5 2.Nf3 Nc6 3.Nc3 Nf6 4.Bb5 a6 5.Bxc6 dxc6 6.d3 Bg4 7.h3 Bxf3 8.Qxf3 g6
9.Be3 Qa5 10.O-O Bg7 11.Qe2 O-O 12.f4 Nh5 13.Qf2 Qb4 14.e5 Qxb2 15.Ne4 f5
16.Nxc5 Bh6 17.a4 Qb4 18.Rab1 Qa5 19.Bd2 Qc7 20.Rxb7 Qc8 21.Qh4  1-0

[Event "59th ch-POL"]
[Site "Warsaw POL"]
[Date "2002.05.02"]
[Round "4"]
[White "Gdanski,J"]
[Black "Blehm,P"]
[Result "0-1"]
[WhiteElo "2523"]
[BlackElo "2547"]

1.e4 c5 2.Nc3 Nc6 3.Bb5 Nd4 4.Bc4 g6 5.Nf3 Bg7 6.Nxd4 cxd4 7.Qf3 Nh6 8.d3 O-O
9.Ne2 Ng4 10.Bb3 Ne5 11.Qg3 Nc6 12.h4 Na5 13.h5 Nxb3 14.axb3 e5 15.f4 exf4
16.Bxf4 d5 17.e5 Qb6 18.Ra4 Bf5 19.hxg6 fxg6 20.Bh6 Bxh6 21.Rxh6 Rac8 22.Qh4 Qc7
23.Qxd4 Qxc2 24.Qxd5+ Kg7 25.Rah4 Qb1+ 26.Kd2 Rc2+ 27.Ke3 Rxe2+ 28.Kxe2 Bg4+
29.Rxg4 Qxb2+ 30.Ke1 Qc3+ 31.Ke2 Qc2+ 32.Ke1 Kxh6 33.e6 Qc1+ 34.Ke2 Qc2+
35.Ke1 Qc1+ 36.Ke2 Qf1+ 37.Kd2 Rf2+ 38.Kc3 Qe1+ 39.Kc4 b5+ 40.Kd4 Qb4+ 41.Ke3 Qd2+
42.Kd4 Qb2+ 43.Kc5 Rf5 44.e7 Qa3+ 45.Rb4 Qc1+ 46.Kd6 Rxd5+ 47.Kxd5 Qe3 48.Kd6 Kg7
49.Rxb5 Qxd3+ 50.Rd5 Qa6+ 51.Kd7 Qb7+ 52.Ke6 Qc8+ 53.Rd7 Qc6+ 54.Rd6 Qc8+
55.Rd7 Qc6+ 56.Rd6 Qe4+ 57.Kd7 Kf7 58.Rf6+ Kxf6 59.e8=Q Qxe8+ 60.Kxe8 h5
61.Kd7 h4 62.Kc6 g5 63.Kd5 Kf5 64.Kd4 Kf4  0-1

[Event "Mitropa Cup"]
[Site "Leipzig GER"]
[Date "2002.05.03"]
[Round "1"]
[White "Dunis,A"]
[Black "Groetz,H"]
[Result "1-0"]
[WhiteElo "2405"]
[BlackElo "2353"]

1.e4 c5 2.Nc3 Nc6 3.Bb5 Nd4 4.Bc4 e6 5.Nf3 Ne7 6.Nxd4 cxd4 7.Ne2 Qc7 8.d3 Nc6
9.O-O Be7 10.a3 a6 11.b4 b5 12.Bb3 O-O 13.Bb2 Qb6 14.f4 Bb7 15.Qe1 a5 16.bxa5 Rxa5
17.Qf2 Bc5 18.f5 Qd8 19.Qg3 Be7 20.Nf4 Bh4 21.Qg4 Qg5 22.Qxg5 Bxg5 23.fxe6 dxe6
24.Nxe6 Be3+ 25.Kh1 Rb8 26.Nc5 Nd8 27.Nd7 Rc8 28.Ne5 Rc7 29.Nxf7 Nxf7 30.Rxf7 Rxf7
31.Rf1  1-0

[Event "ch-PHI"]
[Site "Makati PHI"]
[Date "2002.05.03"]
[Round "11"]
[White "Barbosa,O PHI"]
[Black "Antonio,R"]
[Result "1/2-1/2"]
[WhiteElo "2313"]
[BlackElo "2508"]

1.e4 c5 2.Nc3 Nc6 3.Bb5 Nd4 4.Bc4 g6 5.Nge2 Bg7 6.Nxd4 cxd4 7.Qf3 Nf6 8.e5 dxc3
9.dxc3 Qb6 10.exf6 Qxf6 11.Qxf6 Bxf6 12.Be3 d6 13.O-O-O Be6 14.Be2 b6 15.Bd4 Bxd4
16.cxd4 Bd5 17.f3  1/2-1/2

[Event "59th ch-POL"]
[Site "Warsaw POL"]
[Date "2002.05.03"]
[Round "5"]
[White "Macieja,B"]
[Black "Bobras,P"]
[Result "1-0"]
[WhiteElo "2584"]
[BlackElo "2435"]

1.e4 c5 2.Nc3 Nc6 3.Nf3 e5 4.Bc4 d6 5.d3 Be7 6.O-O Nf6 7.Ng5 O-O 8.f4 exf4
9.Bxf4 h6 10.Nf3 Be6 11.Nd5 Bxd5 12.exd5 Nb4 13.Bd2 Nbxd5 14.Nh4 Nc7 15.Nf5 d5
16.Bb3 Kh7 17.c3 Ng8 18.Qf3 Bg5 19.Be1 Ne7 20.h4 Nxf5 21.Qxf5+ g6 22.Qh3 Be7
23.h5 a5 24.Bd2 g5 25.d4 Qc8 26.Bc2+ Kg7 27.Qd3 f5 28.Rae1 Bd6 29.dxc5 Bxc5+
30.Be3 Bxe3+ 31.Rxe3 Qd7 32.Re5 Rae8 33.Rexf5 Rxf5 34.Rxf5 Qe6 35.Qd4+ Kg8
36.Rf6 Qe1+ 37.Kh2 Qe5+ 38.Qxe5 Rxe5 39.Rxh6 Ne6 40.Rf6 Kg7 41.Rg6+ Kh8 42.h6 Nf4
43.Rd6 Re8 44.Bf5 Kg8 45.Rd7 b5 46.g3  1-0

[Event "FSIM May"]
[Site "Budapest HUN"]
[Date "2002.05.04"]
[Round "1"]
[White "Brustkern,J"]
[Black "Berczes,C"]
[Result "1/2-1/2"]
[WhiteElo "2293"]
[BlackElo "2243"]

1.e4 c5 2.Nf3 Nc6 3.Nc3 e6 4.Bb5 Nge7 5.O-O a6 6.Bxc6 Nxc6 7.d4 cxd4 8.Nxd4 Be7
9.Nxc6 dxc6 10.Qh5 O-O 11.e5 f5 12.a4 b6 13.Be3 c5 14.Rfe1 Bb7 15.Rad1 Qe8
16.Qxe8 Rfxe8 17.Ne2 Kf7 18.Rd2 Bc6 19.b3 Rg8 20.f4 h6 21.Kf2 g5 22.g3 g4
23.Rg1 h5 24.Ke1 Rh8 25.Bf2 b5 26.a5 Rab8 27.c3 Rbc8 28.Kd1 Bd5 29.Kc2 Bf3
30.Re1 Rhd8  1/2-1/2

[Event "59th ch-POL"]
[Site "Warsaw POL"]
[Date "2002.05.04"]
[Round "6"]
[White "Bobras,P"]
[Black "Tomczak,Raf"]
[Result "1/2-1/2"]
[WhiteElo "2435"]
[BlackElo "2384"]

1.e4 c5 2.Nc3 Nc6 3.Nf3 d6 4.d4 cxd4 5.Nxd4 Nf6 6.Bc4 e6 7.Be3 Be7 8.Bb3 a6
9.Qe2 Bd7 10.O-O-O Qc7 11.f4 b5 12.Rhe1 b4 13.Na4 Rb8 14.e5 dxe5 15.fxe5 Nxe5
16.Kb1 Ng6 17.c4 e5 18.Nf3 e4 19.Ng5 Bg4 20.Qf1 Bxd1 21.Rxd1 O-O 22.c5 Rbd8
23.Bd4 Qc6 24.Qc4 Qb5 25.Qc2 e3 26.Bxe3 Rxd1+ 27.Qxd1 Rd8 28.Bxf7+ Kh8 29.Qc2 Ne5
30.Bb3 Qf1+ 31.Bc1 g6 32.Ne6 Rc8 33.Nb6 Rc6 34.Nd5 Bxc5 35.Nxc5 Nfd7 36.Ne3 Qb5
37.Ba4 Qxc5 38.Bxc6 Nxc6 39.b3 Kg8 40.Qe4 Nde5 41.Nd5 a5 42.Be3  1/2-1/2

[Event "59th ch-POL"]
[Site "Warsaw POL"]
[Date "2002.05.04"]
[Round "6"]
[White "Macieja,B"]
[Black "Blehm,P"]
[Result "1-0"]
[WhiteElo "2584"]
[BlackElo "2547"]

1.e4 c5 2.Nc3 Nc6 3.Bb5 Nd4 4.Bc4 g6 5.Nf3 Bg7 6.d3 e6 7.Nxd4 cxd4 8.Ne2 Ne7
9.O-O O-O 10.Bb3 a5 11.a4 d5 12.Bg5 dxe4 13.dxe4 h6 14.Bh4 g5 15.Bg3 b6 16.Nc1 Ng6
17.Nd3 e5 18.Bd5 Ra7 19.c3 dxc3 20.bxc3 Nf4 21.c4 Ba6 22.Qb3 Rc7 23.Bxf4 exf4
24.e5 Qe7 25.Rfe1 Kh8 26.Rac1 Rfc8 27.e6 fxe6 28.Bxe6 Rd8 29.Bd5 Qf6 30.h3 Bc8
31.Ne5 Bf5 32.Rcd1 Kh7 33.Nf3 Kh8 34.Nd4 Rf8 35.Nxf5 Qxf5 36.Qxb6 Rcc8 37.Re7 f3
38.Qa7 Qf6 39.Rde1 Rb8 40.gxf3 g4 41.hxg4 h5 42.Kg2 Rb3 43.Rh1 h4 44.Rxg7  1-0

[Event "3rd Open"]
[Site "Backa Palanka YUG"]
[Date "2002.05.06"]
[Round "5"]
[White "Todorovic,GM"]
[Black "Markovic,Zo"]
[Result "1-0"]
[WhiteElo "2487"]
[BlackElo "2186"]

1.e4 c5 2.Nf3 Nc6 3.Nc3 Nf6 4.e5 Ng4 5.Qe2 d6 6.exd6 Qxd6 7.d4 Nxd4 8.Nxd4 cxd4
9.Nb5 Qb6 10.Qc4 Kd8 11.Bf4 e5 12.Qxf7 Bb4+ 13.c3 Be6 14.Qxg7 Rg8 15.Qxh7 dxc3
16.O-O-O+ Kc8 17.Bg3 cxb2+ 18.Kxb2 a6 19.Rc1+ Bc5 20.Qc7+ Qxc7 21.Nxc7 Kxc7
22.Rxc5+ Kb6 23.Rc3 Rad8 24.f3 Rd2+ 25.Kc1 Rgd8 26.fxg4 Rd1+ 27.Kb2 Bxg4
28.Bxe5 R8d5 29.Bf4 Re1 30.Be3+ Ka5 31.Ra3+  1-0

[Event "ch-UKR"]
[Site "Alushta UKR"]
[Date "2002.05.07"]
[Round "5"]
[White "Prokhorov,A2"]
[Black "Ustianovich,N"]
[Result "1-0"]
[WhiteElo "2173"]
[BlackElo "2290"]

1.e4 c5 2.Nc3 Nc6 3.Nge2 Nf6 4.d4 cxd4 5.Nxd4 e5 6.Ndb5 d6 7.a4 h6 8.Nd5 Nxd5
9.exd5 Ne7 10.c4 Nf5 11.Bd3 a6 12.Nc3 Be7 13.O-O O-O 14.b3 Bd7 15.a5 Qc7
16.Bb1 Nh4 17.Be3 f5 18.g3 Ng6 19.Bb6 Qc8 20.f4 Bf6 21.Qd3 Qe8 22.Bc2 Rc8
23.Rae1 Rf7 24.Bd1 Re7 25.Qd2 exf4 26.gxf4 Rxe1 27.Rxe1 Qf8 28.Rf1 Ne7 29.Ne2 Kh8
30.Ng3 g6 31.Kh1 Ng8 32.Rg1 Be8 33.Bf3 Bf7 34.Qd3 Bg7 35.Nxf5 gxf5 36.Qxf5 Nf6
37.Rxg7 Kxg7 38.Bd4 Bg6 39.Bxf6+ Qxf6 40.Qxc8 Qxf4 41.Qd7+ Kf6 42.Qe6+ Kg7
43.Qg4 Qc1+ 44.Bd1 Kf6 45.Qd4+ Kf7 46.Kg2 Qb1 47.Kg3 Bd3 48.Bg4 Kg6 49.Bh5+ Kh7
50.Qe3 Qxb3 51.Qe7+ Kh8 52.Bf3 Qb1 53.Qe3 Kg7 54.c5 dxc5 55.d6 Bf5 56.d7 Bxd7
57.Qe7+ Kh8 58.Qd8+ Kg7 59.Qxd7+ Kf6 60.Qd6+ Kg7 61.Qe7+ Kh8 62.Qe5+ Kg8
63.Qb8+  1-0

[Event "ch-UKR w"]
[Site "Alushta UKR"]
[Date "2002.05.07"]
[Round "5"]
[White "Zdebskaja,N"]
[Black "Rohonyan,K"]
[Result "1-0"]
[WhiteElo "2309"]
[BlackElo "2227"]

1.e4 c5 2.Nf3 Nc6 3.Nc3 e5 4.Bc4 Be7 5.d3 d6 6.Nd2 Nf6 7.Nf1 Bg4 8.f3 Be6
9.Ne3 a6 10.a4 O-O 11.O-O Rb8 12.Ned5 Nd4 13.a5 Nxd5 14.Nxd5 Bg5 15.Bxg5 Qxg5
16.c3 Nc6 17.Qc1 Qd8 18.f4 exf4 19.Qxf4 Nxa5 20.Rxa5 Qxa5 21.Ne7+ Kh8 22.Bxe6 Qd8
23.Qh4 b5 24.Bxf7  1-0

[Event "59th ch-POL"]
[Site "Warsaw POL"]
[Date "2002.05.07"]
[Round "8"]
[White "Bobras,P"]
[Black "Cyborowski,L"]
[Result "1-0"]
[WhiteElo "2435"]
[BlackElo "2510"]

1.e4 c5 2.Nf3 Nc6 3.Nc3 Nf6 4.d4 cxd4 5.Nxd4 e5 6.Ndb5 d6 7.Bg5 a6 8.Na3 b5
9.Bxf6 gxf6 10.Nd5 Bg7 11.Bd3 Ne7 12.Nxe7 Qxe7 13.O-O O-O 14.c3 f5 15.Nc2 Rb8
16.exf5 e4 17.Re1 Bxf5 18.Ne3 Bg6 19.Nd5 Qe5 20.Bc2 f5 21.f4 Qe8 22.Bb3 Kh8
23.Nc7 Qc6 24.Ne6 Rfc8 25.Nxg7 Qc5+ 26.Kh1 Kxg7 27.a3 a5 28.Qd2 b4 29.cxb4 axb4
30.a4 Bf7 31.Bxf7 Kxf7 32.Rec1 e3 33.Qd1 e2 34.Qb3+  1-0

[Event "Croatian Cup"]
[Site "Pula CRO"]
[Date "2002.05.08"]
[Round "2"]
[White "Levacic,P"]
[Black "Novak,D"]
[Result "1-0"]
[WhiteElo "2329"]
[BlackElo "2378"]

1.e4 c5 2.Nc3 Nc6 3.Bb5 Nd4 4.Bc4 g6 5.Nf3 Bg7 6.O-O e6 7.Nxd4 cxd4 8.Nb5 d6
9.c3 Nf6 10.cxd4 d5 11.exd5 Nxd5 12.Bxd5 exd5 13.d3 a6 14.Nc3 O-O 15.Be3 Be6
16.Qb3 b5 17.a4 Rb8 18.axb5 axb5 19.Rfc1 Qh4 20.Qb4 Rfe8 21.Ne2 Bg4 22.Nf4 Bf5
23.Qd2 Qd8 24.Rc5 Be6 25.h3 Bf8 26.Rcc1 Qb6 27.Qd1 Bg7 28.Rc5 Bf8 29.Rcc1 Bg7
30.Rc5 Bf8 31.Rc2 Bg7 32.Rc5 Bf8 33.Nxd5 Qd8 34.Nb4 Bxc5 35.dxc5 Bd5 36.Ra6 Qh4
37.Nxd5 Kg7 38.Qd2 Rbd8 39.Qc3+  1-0

[Event "3rd Open"]
[Site "Backa Palanka YUG"]
[Date "2002.05.09"]
[Round "8"]
[White "Perunovic,Mil"]
[Black "Radovanovic,D"]
[Result "0-1"]
[WhiteElo "2478"]
[BlackElo "2294"]

1.e4 c5 2.Nf3 Nc6 3.Nc3 e5 4.Bc4 g6 5.d3 h6 6.O-O Bg7 7.Ne1 d6 8.f4 Nf6 9.Nf3 exf4
10.Bxf4 O-O 11.a3 Be6 12.Qd2 Kh7 13.Rae1 Ng4 14.Nd5 Nge5 15.Ba2 Ne7 16.c3 Rc8
17.Kh1 b5 18.Bg3 Nxd5 19.Bxd5 Qd7 20.Nxe5 dxe5 21.c4 Bxd5 22.cxd5 c4 23.Rc1 f5
24.Qe2 cxd3 25.Qxd3 fxe4 26.Qxe4 Rxf1+ 27.Rxf1 Rc4 28.Qf3 e4 29.Qe3 Qxd5
30.Qxa7 Rc2 31.Be1 e3 32.Rg1 Qd4 33.Qb7 Rxb2 34.Bb4 e2 35.Qe7 Qe5 36.Qh4 Qe3
37.h3 Rc2 38.Qe1 Be5 39.Qh4 Bg7 40.Qe1 h5 41.Qb1 Rb2  0-1

[Event "59th ch-POL"]
[Site "Warsaw POL"]
[Date "2002.05.09"]
[Round "10"]
[White "Gdanski,J"]
[Black "Tomczak,Raf"]
[Result "1/2-1/2"]
[WhiteElo "2523"]
[BlackElo "2384"]

1.e4 c5 2.Nc3 Nc6 3.Nf3 e5 4.Bc4 Be7 5.d3 d6 6.O-O Nf6 7.Ng5 O-O 8.f4 Bg4
9.Qe1 Nd4 10.fxe5 dxe5 11.Qh4 h6 12.Nxf7 Rxf7 13.Bxf7+ Kxf7 14.Qxg4 Nxc2
15.Rb1 Qd4+ 16.Kh1 Qxd3 17.Bxh6 gxh6 18.Rbd1 Qa6 19.Nd5 Rd8 20.Rf3 Rxd5 21.exd5 Nd4
22.Qh5+ Kf8 23.Qxh6+ Ke8 24.Rf2 Qd6 25.Re1 Kd7 26.Qg7 e4 27.h4 Qe5 28.Qg5 Kd6
29.Ref1 Nxd5 30.Qg6+ Qe6 31.h5 e3 32.Rf7 e2 33.Re1 Bh4 34.Rxe2 Nxe2 35.Qxe6+ Kxe6
36.Rxb7  1/2-1/2

[Event "FSIM May"]
[Site "Budapest HUN"]
[Date "2002.05.10"]
[Round "7"]
[White "Brustkern,J"]
[Black "Dub,Z"]
[Result "1/2-1/2"]
[WhiteElo "2293"]
[BlackElo "2297"]

1.e4 c5 2.Nc3 Nc6 3.Nf3 e5 4.Bc4 d6 5.d3 Be7 6.Nd2 Nf6 7.Nf1 Bg4 8.f3 Be6
9.Ne3 O-O 10.O-O a6 11.a4 Nb4 12.Re1 Rb8 13.Bd2 Qd7 14.a5 Bd8 15.Ncd5 Nbxd5
16.exd5 Bf5 17.Rf1 Bg6 18.Bb3 Nh5 19.g3 f5 20.f4 exf4 21.gxf4  1/2-1/2

[Event "59th ch-POL"]
[Site "Warsaw POL"]
[Date "2002.05.11"]
[Round "12"]
[White "Macieja,B"]
[Black "Tomczak,Raf"]
[Result "1-0"]
[WhiteElo "2584"]
[BlackElo "2384"]

1.e4 c5 2.Nc3 Nc6 3.Nf3 Nf6 4.Bb5 Nd4 5.e5 Nxb5 6.Nxb5 Nd5 7.Ng5 e6 8.Ne4 f6
9.O-O Be7 10.Nbd6+ Kf8 11.c4 Nf4 12.d4 Ng6 13.exf6 gxf6 14.Bh6+ Kg8 15.dxc5 Bf8
16.Bxf8 Kxf8 17.f4 f5 18.Ng5 Qe7 19.Qh5 b6 20.b4 bxc5 21.bxc5 Ba6 22.Qf3 Kg7
23.Qa3 Bc8 24.Ngf7 Rf8 25.Ne5 Qf6 26.Qe3 Nxe5 27.fxe5 Qg6 28.Rf3 Kh8 29.Qf4 Qg7
30.Rg3 Qe7 31.Rb1 a5 32.Rg5 a4 33.Rb4 Qd8 34.Rg3 Qe7 35.Ra3 Ra5 36.Rb5 Ra8
37.Rb4 Ra5 38.Raxa4 Rxc5 39.Rb8 Rc6 40.Raa8 Ra6 41.Qh6 Kg8 42.Kf1 Rxd6 43.Rxc8 Rd1+
44.Ke2 Re1+ 45.Kxe1 Qb4+ 46.Qd2  1-0

[Event "Open"]
[Site "Pula CRO"]
[Date "2002.05.13"]
[Round "3"]
[White "Vombek,D"]
[Black "Bakre,T"]
[Result "0-1"]
[WhiteElo "2281"]
[BlackElo "2458"]

1.e4 c5 2.Nc3 Nc6 3.Bb5 Nd4 4.Ba4 e6 5.Nf3 Qa5 6.O-O a6 7.a3 b5 8.b4 Qc7
9.Bb3 Nxb3 10.cxb3 cxb4 11.axb4 Bb7 12.Bb2 Nf6 13.Rc1 Qf4 14.d3 Bxb4 15.Ne2 Qb8
16.Be5 Qd8 17.Rc7 d6 18.Rxb7 Qc8 19.Rxf7 Kxf7 20.Ng5+ Ke7 21.Bxf6+ gxf6 22.Qa1 Qc5
23.h4 Bd2 24.Nf3 Bh6 25.d4 Qc2 26.Ng3 Bf4 27.Nh5 Bh6 28.d5 e5 29.Ng3 Kf7
30.Nf5 Bf8 31.Qa5 Be7 32.Qb6 Qc5 33.Qb7 Ra7 34.Nxd6+ Kg6 35.h5+ Kxh5 36.b4 Rxb7
37.bxc5 Bxd6 38.cxd6 Rd8 39.g3 Rxd6 40.Kg2 Kg6 41.Nh4+ Kf7 42.Nf5 Rd8 43.Rh1 Kg6
44.d6 b4 45.Ne7+ Kg7  0-1

[Event "FSIM May"]
[Site "Budapest HUN"]
[Date "2002.05.14"]
[Round "11"]
[White "Mueller,Mark"]
[Black "Volodin,V"]
[Result "1/2-1/2"]
[WhiteElo "2195"]
[BlackElo "2319"]

1.e4 c5 2.Nf3 Nc6 3.Nc3 e5 4.Bc4 Be7 5.O-O d6 6.h3 Nf6 7.d3 O-O 8.Bg5 Be6
9.Bxf6 Bxf6 10.Nd2 Bg5 11.Re1 Bxd2 12.Qxd2 Nd4 13.Bxe6 fxe6 14.Ne2 Qh4 15.Nxd4 cxd4
16.Rf1 Rf7 17.Rac1 Raf8 18.Qe2 Qh6 19.f3 Rf6 20.c3 Rc8 21.Rc2 Rff8 22.cxd4 exd4
23.f4 Rc6 24.Rxc6 bxc6 25.Qc2 c5 26.Qa4 e5 27.Qb3+ Kh8 28.fxe5 Rxf1+ 29.Kxf1 Qc1+
30.Ke2 Qe3+ 31.Kf1 Qc1+ 32.Ke2  1/2-1/2

[Event "2nd NAO Masters"]
[Site "Paris FRA"]
[Date "2002.05.14"]
[Round "2"]
[White "Guidarelli,L"]
[Black "Habu,Y"]
[Result "1/2-1/2"]
[WhiteElo "2366"]
[BlackElo "2342"]

1.e4 c5 2.Nc3 Nc6 3.Bb5 Nd4 4.Ba4 g6 5.Nf3 Bg7 6.O-O a6 7.Nxd4 cxd4 8.Ne2 b5
9.Bb3 Bb7 10.d3 e6 11.f4 Ne7 12.Qe1 O-O 13.Bd2 d5 14.e5 Nf5 15.g4 Ne3 16.Bxe3 dxe3
17.d4 a5 18.c3 Qb6 19.Qg3 b4 20.Qxe3 Ba6 21.Rfc1 Rfc8 22.Ng3 Bf8 23.f5 a4
24.Bxa4 bxc3 25.bxc3 Ba3 26.Rc2 Bd3 27.Qxd3 Rxa4 28.Rf1 Rac4 29.h4 Bb2 30.Ne2 Ba3
31.fxg6 hxg6 32.h5 g5 33.Ng3 Bb4 34.Ne2 Bf8 35.Qe3 Be7 36.Ng3 Qa5 37.Qf3 Rf8
38.h6 Qc7 39.Qd3 Kh8 40.Nh5 Qa7 41.Kh1 Qb7 42.Rcf2 Bd8 43.Rf6 Ba5 44.Rxe6 Rxc3
45.Qf5 Bd8 46.Re8 Rxe8 47.Nf6 Rh3+ 48.Kg2 Rxh6 49.Nxe8 Qb2+ 50.Qf2 Qc3 51.Rh1 Rxh1
52.Kxh1 Qh3+ 53.Qh2 Qxh2+ 54.Kxh2 Bb6 55.Nd6 Bxd4 56.Nxf7+ Kg7 57.Nxg5 Bxe5+
58.Kg2 Kf6 59.Nf3 Bc7 60.Kf2 Bb6+ 61.Ke2 Ke6 62.Kd3 Kd6 63.Kc3 Kc5 64.Ne5 Kd6
65.Nf3 Kc5 66.Nd4 Kd6 67.Ne2 Ke5 68.Kd3 Ba5 69.a4 Bb6 70.Nc3 Ba5 71.Ne2 Bb6
72.Nc3 Ba5 73.g5 Kf5 74.Nxd5 Kxg5 75.Kc4 Kf5 76.Kb5 Be1 77.Nb4 Ke6 78.a5 Kd7
79.a6 Kc7 80.Nd5+ Kb8 81.Kb6 Bf2+  1/2-1/2

[Event "Capablanca Mem Mixto"]
[Site "Havana CUB"]
[Date "2002.05.15"]
[Round "9"]
[White "Fleitas,Y"]
[Black "Zambrana,O"]
[Result "1/2-1/2"]
[WhiteElo "2209"]
[BlackElo "2389"]

1.e4 c5 2.Nc3 Nc6 3.Bb5 g6 4.Bxc6 dxc6 5.f4 Bg7 6.Nf3 Nf6 7.d3 O-O 8.O-O Nd7
9.Be3 b5 10.Qe1 c4 11.dxc4 bxc4 12.Qf2 Qc7 13.h3 Bb7 14.Rad1 Rad8 15.Qh4 c5
16.f5 Ne5 17.Nxe5 Bxe5 18.Nd5 Bxd5 19.exd5 Bxb2 20.Qxc4 Qe5 21.Bh6 Bd4+ 22.Kh1 Rfe8
23.Rf3 Qd6 24.Bf4 Qb6 25.fxg6 hxg6 26.Be3 Bxe3 27.Rxe3 e6 28.Qa4 Re7 29.c4 Red7
30.Red3 Rd6 31.Qc2 exd5 32.cxd5 Qb4 33.a3 Qa5 34.Qc4 Rc8 35.Qh4 Qd8 36.Qc4 Qa5
37.Qh4 Qb5 38.a4 Qb4 39.Qxb4 cxb4 40.a5 Rb8 41.Rb3 Rb5 42.a6 Rdxd5 43.Rxd5 Rxd5
44.Rxb4 Ra5 45.Rb7 Rxa6 46.Kh2 Kg7 47.Kg3 Ra3+ 48.Kf4 Kf6 49.Rc7 g5+ 50.Ke4 Kg6
51.Rb7 Rg3 52.Rxa7 Rxg2 53.Kf3 Rb2 54.Ra3 f5 55.Rc3 Kh5 56.Rc5 Rb3+ 57.Kg2 f4
58.Rc8 Rb2+ 59.Kf3 Rh2 60.Rh8+ Kg6 61.Kg4 Rg2+ 62.Kf3 Rg3+ 63.Kf2 Kf6 64.Rh7 Rb3
65.Kg2 Rb2+ 66.Kf3 Rb8  1/2-1/2

[Event "2nd NAO Masters"]
[Site "Paris FRA"]
[Date "2002.05.16"]
[Round "4"]
[White "Midoux,S"]
[Black "Habu,Y"]
[Result "1-0"]
[WhiteElo "2288"]
[BlackElo "2342"]

1.e4 c5 2.Nc3 Nc6 3.Bb5 Nd4 4.Ba4 g6 5.Nf3 Bg7 6.Nxd4 cxd4 7.Ne2 Nf6 8.f3 e5
9.O-O O-O 10.d3 d5 11.Kh1 Be6 12.c3 dxe4 13.dxe4 d3 14.Ng3 h5 15.Rf2 h4 16.Nf1 Nh5
17.Bb3 Bxb3 18.Qxb3 b6 19.Be3 Kh8 20.Rd1 f5 21.Qc4 Rc8 22.Qxd3 Qxd3 23.Rxd3 fxe4
24.fxe4 Nf6 25.Nd2 Ng4 26.Rxf8+ Rxf8 27.Kg1 Nxe3 28.Rxe3 Rd8 29.Re2 Bf6 30.Nc4 Kg7
31.Ne3 Rd3 32.Nd5 Bg5 33.Kf2 Rd1 34.g3 Kf7 35.Kf3 hxg3 36.hxg3 Ke6 37.Kg4 Bd8
38.Ne3 Rd3 39.a4 a6 40.Nd5 Rd1 41.Rh2 Re1 42.Kf3 Rf1+ 43.Ke2 Rb1 44.Kf3 Rf1+
45.Kg4 Re1 46.Rh8 Bf6 47.Re8+ Kf7 48.Nxf6 Kxf6 49.Kf3 Rb1 50.b4 Rc1 51.Rc8 Kg5
52.Rc6 a5 53.b5 Rc2 54.Ke3 Rg2 55.Rxb6 Rxg3+ 56.Kd2 Kf4 57.Rd6 Kxe4 58.b6 Rg2+
59.Kc1 Rh2 60.b7 Rh8 61.c4 g5 62.c5 g4 63.c6 g3 64.Rg6  1-0

[Event "Andbanc Blitz Match"]
[Site "Andorra la Vella AND"]
[Date "2002.05.17"]
[Round "1.4"]
[White "Gallego,R"]
[Black "De la Riva Aguado,O"]
[Result "0-1"]
[WhiteElo "2273"]
[BlackElo "2496"]

1.e4 c5 2.Nf3 Nc6 3.Nc3 d6 4.d4 cxd4 5.Nxd4 Nf6 6.Bc4 Bd7 7.Bg5 Qa5 8.Bxf6 gxf6
9.Nb3 Qg5 10.Qd5 e6 11.Qxg5 fxg5 12.Nb5 O-O-O 13.O-O-O Be8 14.c3 a6 15.N5d4 Be7
16.Be2 h5 17.Nd2 Ne5 18.f3 Ng6 19.g3 h4 20.Nc4 Kc7 21.b3 Bd7 22.a4 Ne5 23.a5 Nxc4
24.Bxc4 Bc8 25.b4 Bf6 26.Kc2 hxg3 27.hxg3 Be5 28.Rhg1 Rh3 29.Ne2 Rdh8 30.Kb3 Bd7
31.f4 gxf4 32.gxf4 Bf6 33.f5  0-1

[Event "9th RUS-chT"]
[Site "Ekaterinburg RUS"]
[Date "2002.05.17"]
[Round "1"]
[White "Yemelin,V"]
[Black "Sherbakov,V"]
[Result "1/2-1/2"]
[WhiteElo "2541"]
[BlackElo "2425"]

1.e4 c5 2.Nf3 Nc6 3.Nc3 e5 4.Bc4 d6 5.d3 Be7 6.Nd2 Bg5 7.h4 Bxd2+ 8.Qxd2 Nd4
9.f4 Nf6 10.Nd5 Nxd5 11.Bxd5 exf4 12.Qxf4 Qe7 13.Kd1 Be6 14.Be3 Nc6 15.c3 Ne5
16.Kc2 h5 17.d4 cxd4 18.Bxd4 Bxd5 19.exd5 O-O 20.Rhf1 Qd7 21.Bxe5 dxe5 22.Qe4 Rae8
23.g3 f5 24.Qd3 e4 25.Qd4 b6 26.b3  1/2-1/2

[Event "9th RUS-chT"]
[Site "Ekaterinburg RUS"]
[Date "2002.05.17"]
[Round "1"]
[White "Svidler,P"]
[Black "Starosek,K"]
[Result "1/2-1/2"]
[WhiteElo "2688"]
[BlackElo "2495"]

1.e4 c5 2.Nf3 Nc6 3.Nc3 e5 4.Bc4 Be7 5.d3 d6 6.Nd2 Nf6 7.Nf1 Bg4 8.f3 Be6
9.Ne3 O-O 10.O-O Rb8 11.Ned5 Nd7 12.a3 a6 13.g3 b5 14.Ba2 Kh8 15.Be3 f5 16.exf5 Bxf5
17.Ne4 Nb6 18.Nxb6 Qxb6 19.c3 Qd8 20.Bd5 Qd7 21.b4 Be6 22.Qb3 Nd8 23.f4 Rc8
24.fxe5 dxe5 25.Rxf8+ Bxf8 26.Rf1 Be7 27.Bxe6 Nxe6 28.Bxc5 Nxc5 29.Nxc5 Bxc5+
30.bxc5  1/2-1/2

[Event "52nd ch-RUS w"]
[Site "Elista RUS"]
[Date "2002.05.17"]
[Round "8"]
[White "Styazhkina,O"]
[Black "Chasovnikova,E"]
[Result "1-0"]
[WhiteElo "2355"]
[BlackElo "2222"]

1.e4 c5 2.Nc3 Nc6 3.Bb5 g6 4.Bxc6 dxc6 5.d3 Bg7 6.Be3 b6 7.Qd2 h5 8.Nge2 Nf6
9.h3 e5 10.f4 exf4 11.Bxf4 c4 12.d4 O-O 13.O-O c5 14.d5 Re8 15.Bg5 Qd6 16.Nb5 Qe5
17.Nec3 Bd7 18.Bxf6 Bxf6 19.Qf2 Qd4 20.Nc7 b5 21.Nxa8 Rxa8 22.Qxd4 Bxd4+
23.Kh1 b4 24.Nd1 Re8 25.c3 Bg7 26.Re1 f5 27.Rc1 Bh6 28.Rc2 b3 29.axb3 cxb3
30.Rf2 Bg5 31.e5 Bh4 32.e6 Bxf2 33.Nxf2 Bb5 34.d6 Kf8 35.c4 Bc6 36.Nd3 a5
37.Nxc5 a4 38.d7 Bxd7 39.Nxd7+ Ke7 40.Nc5 Rc8 41.Nxa4 Rxc4 42.Nc3 Rd4 43.Re2 g5
44.Re5 g4 45.Nd5+ Ke8 46.e7  1-0

[Event "52nd ch-RUS w"]
[Site "Elista RUS"]
[Date "2002.05.17"]
[Round "8"]
[White "Mirzoeva,E"]
[Black "Guseva,O"]
[Result "1-0"]
[WhiteElo "2296"]
[BlackElo "2226"]

1.e4 c5 2.Nf3 Nc6 3.Nc3 d6 4.Bb5 Bd7 5.O-O e6 6.Re1 Nge7 7.Bf1 Nd4 8.Nxd4 cxd4
9.Ne2 Nc6 10.c3 dxc3 11.bxc3 Be7 12.d4 O-O 13.Ng3 Qc7 14.Nh5 e5 15.Be3 g6
16.Ng3 Bf6 17.f4 Na5 18.Rc1 Nc4 19.Bxc4 Qxc4 20.dxe5 Bh4 21.exd6 Qxa2 22.c4 Rfe8
23.Qd4 Qa6 24.Bd2 Re6 25.Bc3 Bf6 26.e5 Bg7 27.Ne4 Qc6 28.Ng5 a5 29.Nxe6 Bxe6
30.Rb1 Bxc4 31.Rb6 Qd5 32.Qxd5 Bxd5 33.Rd1 Bc6 34.d7 Rd8 35.Rxc6  1-0

[Event "9th RUS-chT"]
[Site "Ekaterinburg RUS"]
[Date "2002.05.20"]
[Round "4"]
[White "Lastin,A"]
[Black "Sherbakov,V"]
[Result "1-0"]
[WhiteElo "2619"]
[BlackElo "2425"]

1.e4 c5 2.Nc3 Nc6 3.Nge2 e5 4.Nd5 Nce7 5.Ne3 Nf6 6.Ng3 g6 7.b3 Bg7 8.Bb2 d6
9.Bc4 Bd7 10.O-O b5 11.Bd3 h5 12.f4 Ng4 13.Nxg4 hxg4 14.f5 Bh6 15.Qxg4 c4
16.bxc4 bxc4 17.Bxc4 Qb6+ 18.Kh1 Qxb2 19.Bxf7+ Kd8 20.Qh4 g5 21.Qh5 Kc7 22.Be6 Be8
23.Qg4 Nc6 24.Ne2 Nd4 25.Rab1 Qa3 26.Nxd4 exd4 27.c3 dxc3 28.Rb3 Qa6 29.Rxc3+ Kd8
30.Rfc1 Ke7 31.f6+ Kf8 32.Rc7 Qd3 33.Bd5  1-0

[Event "IHEM"]
[Site "Hamburg GER"]
[Date "2002.05.20"]
[Round "3"]
[White "Hector,J"]
[Black "Rausis,I"]
[Result "1-0"]
[WhiteElo "2513"]
[BlackElo "2478"]

1.e4 c5 2.Nc3 Nc6 3.Nf3 d6 4.d4 cxd4 5.Nxd4 Nf6 6.Be3 Ng4 7.Bb5 Nxe3 8.fxe3 Bd7
9.O-O e6 10.Bxc6 bxc6 11.Qf3 Qf6 12.Qe2 Qh6 13.e5 dxe5 14.Nf3 Bc5 15.Rfe1 O-O
16.Nxe5 Rfd8 17.Ne4 Bf8 18.Rf1 f5 19.Nd2 Be8 20.Ndc4 Rd5 21.e4 fxe4 22.Qxe4 Rad8
23.Kh1 Be7 24.Rae1 Rd4 25.Nxc6 Bxc6 26.Qxc6 Rh4 27.Qxe6+ Qxe6 28.Rxe6 Rxc4
29.Rxe7 Rxc2 30.h3 Kh8 31.Rb7 h6 32.Rff7 Rg8 33.a4 a6 34.a5 Kh7 35.Rfd7 h5
36.Rd5 Kh6 37.Rd6+ g6 38.Rxa6 h4 39.Rd6 Re8 40.Rd4 Kh5 41.Rh7+ Kg5 42.b4  1-0

[Event "IHEM"]
[Site "Hamburg GER"]
[Date "2002.05.22"]
[Round "5"]
[White "Breyther,R"]
[Black "Bach,M"]
[Result "1/2-1/2"]
[WhiteElo "2372"]
[BlackElo "2300"]

1.e4 c5 2.Nc3 Nc6 3.Nge2 Nd4 4.Nxd4 cxd4 5.Ne2 d5 6.Nxd4 dxe4 7.Bb5+ Bd7
8.Qe2 Nf6 9.O-O a6 10.Bxd7+ Qxd7 11.c3 e5 12.Nb3 Qd3 13.Re1 O-O-O 14.Na5 Bc5
15.b4 Ba7 16.Nc4 Rhe8 17.a4 Kc7 18.b5 Qxe2 19.Rxe2 axb5 20.axb5 Bc5 21.Ba3 Ra8
22.Ree1 Bxa3 23.Rxa3 Rxa3 24.Nxa3 Nd7 25.Nc4 Ra8 26.f3 exf3 27.gxf3 f6 28.f4 Ra4
29.b6+ Nxb6 30.Nxb6 Kxb6 31.fxe5 Rg4+  1/2-1/2